|
|
|
|
| LEADER |
01112nam a2200289 4500 |
| 001 |
32583 |
| 003 |
BD-DhAAL |
| 005 |
20180114105056.0 |
| 008 |
721026t1972 nyua b 001 0 eng |
| 999 |
|
|
|c 38989
|d 38989
|
| 010 |
|
|
|a 72080906
|
| 040 |
|
|
|a DLC
|c DLC
|d DLC
|d BD-DhAAL
|
| 050 |
0 |
0 |
|a HD7287.5
|b .T85
|
| 082 |
0 |
0 |
|a 301.54
|
| 100 |
1 |
|
|a Turner, John F. C.
|9 24624
|
| 245 |
1 |
0 |
|a Freedom to build :
|b dweller control of the housing process /
|c edited by John F. C. Turner and Robert Fichter.
|
| 260 |
|
|
|a New York :
|b Macmillan,
|c [1972]
|
| 300 |
|
|
|a xvi, 301 pages :
|b illustrations ;
|c 21 cm.
|
| 350 |
|
|
|a $8.95
|
| 504 |
|
|
|a Includes bibliographical references and index.
|
| 526 |
|
|
|a AAL
|
| 541 |
|
|
|a Development Book Agency
|e 32583
|
| 650 |
|
0 |
|a Self-help housing.
|9 24625
|
| 700 |
1 |
|
|a Fichter, Robert,
|e joint author.
|9 24626
|
| 852 |
|
|
|a Ayesha Abed Library
|c General Stacks
|
| 942 |
|
|
|2 ddc
|c BK
|
| 952 |
|
|
|0 0
|1 0
|2 ddc
|4 0
|6 301_540000000000000_FRE
|7 0
|9 62581
|a BRACUL
|b BRACUL
|c GEN
|d 2018-01-10
|e Development Book Agency
|g 9990.00
|l 1
|m 3
|o 301.54 FRE
|p 3010032583
|r 2018-10-14
|s 2018-09-17
|t 1
|v 9990.00
|w 2018-01-10
|y BK
|